[Event "BL2-Ost 0203"]
[Site "Germany"]
[Date "2003.03.09"]
[Round "8.3"]
[White "Schunk, Eduard"]
[Black "Schwarz, Miroslav"]
[Result "1/2-1/2"]
[WhiteElo "2297"]
[BlackElo "2458"]
[PlyCount "38"]
[EventDate "2002.10.20"]
[EventType "team-tourn"]
[EventRounds "9"]
[EventCountry "GER"]
[SourceTitle "EXT 2004"]
[Source "ChessBase"]
[SourceDate "2003.11.25"]
[SourceVersion "1"]
[SourceVersionDate "2003.11.25"]
[SourceQuality "1"]
[WhiteTeam "Bindlach"]
[BlackTeam "Dresden SC"]
[WhiteTeamCountry "GER"]
[BlackTeamCountry "GER"]

1. e4 e6 2. d3 d5 3. Qe2 Nf6 4. Nf3 Be7 5. g3 c5 6. Bg2 Nc6 7. 0-0 b6 8. Re1 Bb7 9. c3 h6 10. Nbd2 Ba6 11. e5 Nd7 12. a3 Qc7 13. b4 0-0-0 14. Rb1 Bb7 15. Nf1 g5 16. b5 Na5 17. g4 c4 18. d4 Nb3 19. Ng3 Nf8 1/2-1/2

[Event "BL2-Ost 0102"]
[Site "Germany"]
[Date "2002.02.24"]
[Round "6.2"]
[White "Schwarz, Miroslav"]
[Black "Heika, Martin"]
[Result "1/2-1/2"]
[WhiteElo "2445"]
[BlackElo "2334"]
[PlyCount "82"]
[EventDate "2001.10.07"]
[EventType "team-tourn"]
[EventRounds "9"]
[EventCountry "GER"]
[SourceTitle "CBM 088 Extra"]
[Source "ChessBase"]
[SourceDate "2002.07.01"]
[SourceVersion "2"]
[SourceVersionDate "2002.07.01"]
[SourceQuality "1"]
[WhiteTeam "Dresden SC"]
[BlackTeam "Regensburg"]
[WhiteTeamCountry "GER"]
[BlackTeamCountry "GER"]

1. e4 d5 2. Nc3 dxe4 3. Nxe4 Bf5 4. Ng3 Bg6 5. Nf3 Nf6 6. b3 e6 7. Bb2 Nbd7 8. Be2 c6 9. Nh4 Bd6 10. Bf3 Qa5 11. Nxg6 hxg6 12. Qe2 Ne5 13. Bc3 Nxf3+ 14. Qxf3 Qd5 15. Ke2 e5 16. Qxd5 cxd5 17. Rae1 d4 18. Bb2 Nd5 19. Kd1 0-0-0 20. Ne4 Bc7 21. f3 f5 22. Nf2 Nf6 23. g3 Rhe8 24. Kc1 Re7 25. Re2 Rde8 26. Rhe1 b5 27. Nd3 e4 28. fxe4 fxe4 29. Nf4 Bxf4 30. gxf4 e3 31. dxe3 dxe3 32. Rg1 Re4 33. Bxf6 gxf6 34. Rxg6 Rxf4 35. Rg3 Rfe4 36. Rf3 R8e6 37. c3 R4e5 38. Kc2 Kd7 39. c4 bxc4 40. bxc4 Kc6 41. Kd3 Rd6+ 1/2-1/2

[Event "BL2-Ost 0102"]
[Site "Germany"]
[Date "2001.10.07"]
[Round "1.3"]
[White "Tran, Phat"]
[Black "Schwarz, Miroslav"]
[Result "1-0"]
[WhiteElo "2340"]
[BlackElo "2445"]
[PlyCount "133"]
[EventDate "2001.10.07"]
[EventType "team-tourn"]
[EventRounds "9"]
[EventCountry "GER"]
[SourceTitle "CBM 088 Extra"]
[Source "ChessBase"]
[SourceDate "2002.07.01"]
[SourceVersion "2"]
[SourceVersionDate "2002.07.01"]
[SourceQuality "1"]
[WhiteTeam "Nuernberg"]
[BlackTeam "Dresden SC"]
[WhiteTeamCountry "GER"]
[BlackTeamCountry "GER"]

1. e4 d5 2. exd5 Qxd5 3. Nc3 Qa5 4. d4 c6 5. Bd3 Nf6 6. Nf3 Bg4 7. h3 Bh5 8. Qe2 e6 9. g4 Bg6 10. Bd2 Bb4 11. Ne5 Bxd3 12. Nxd3 Bxc3 13. Bxc3 Qd5 14. f3 Nbd7 15. b3 h5 16. 0-0-0 hxg4 17. hxg4 0-0-0 18. Rxh8 Rxh8 19. Ne5 Ne8 20. Bb4 Qb5 21. Qxb5 cxb5 22. Nxf7 Rh2 23. Re1 Nc7 24. Ng5 Rf2 25. Bd6 Nd5 26. Nxe6 Rxf3 27. Nxg7 N7f6 28. g5 Ng4 29. Ne6 Nge3 30. Nc5 Rf2 31. Ne4 Rxc2+ 32. Kb1 Rg2 33. Bg3 Kd7 34. g6 Ke7 35. g7 Kf7 36. Be5 Nf5 37. Rf1 Nde3 38. Nd6+ Ke6 39. Nxf5 Nxf5 40. Re1 Kd5 41. Rc1 Nxg7 42. Rc5+ Ke4 43. Rxb5 b6 44. Bb8 Kxd4 45. Bxa7 Kc3 46. Bxb6 Ne6 47. Ba5+ Kd3 48. Rd5+ Ke4 49. Rd2 Rxd2 50. Bxd2 Kd4 51. Kc2 Nc5 52. Bc3+ Kd5 53. Bb4 Ne6 54. Kc3 Nd4 55. Bf8 Ne2+ 56. Kd2 Nd4 57. Kd3 Nc6 58. a3 Na5 59. b4 Kc6 60. a4 Kd5 61. Kc3 Nc6 62. b5 Na5 63. Bh6 Nc6 64. Be3 Na5 65. Bb6 Nc4 66. Bd8 Ne5 67. a5 1-0

[Event "BL2-Ost 0001"]
[Site "Germany"]
[Date "2000.12.10"]
[Round "3.3"]
[White "Schwarz, Miroslav"]
[Black "Cech, Pavel"]
[Result "1/2-1/2"]
[WhiteElo "2465"]
[BlackElo "2330"]
[PlyCount "35"]
[EventDate "2000.10.15"]
[EventType "team-tourn"]
[EventRounds "9"]
[EventCountry "GER"]
[SourceTitle "CBM 082 Extra"]
[Source "ChessBase"]
[SourceDate "2001.07.03"]
[SourceVersion "1"]
[SourceVersionDate "2001.07.03"]
[SourceQuality "1"]
[WhiteTeam "Dresden"]
[BlackTeam "Bindlach"]
[WhiteTeamCountry "GER"]
[BlackTeamCountry "GER"]

1. e4 e6 2. d4 d5 3. Nc3 Bb4 4. Nge2 dxe4 5. a3 Be7 6. Nxe4 Nf6 7. N2g3 0-0 8. Be2 Nc6 9. c3 e5 10. Nxf6+ Bxf6 11. d5 Ne7 12. Bf3 Ng6 13. Be4 Bg5 14. Qh5 Bxc1 15. Rxc1 f5 16. Nxf5 Bxf5 17. Bxf5 Qxd5 18. Bxg6 1/2-1/2

[Event "BL2-Ost 0001"]
[Site "Germany"]
[Date "2000.11.12"]
[Round "2.2"]
[White "Schwarz, Miroslav"]
[Black "Meister, Peter"]
[Result "0-1"]
[WhiteElo "2465"]
[BlackElo "2390"]
[PlyCount "76"]
[EventDate "2000.10.15"]
[EventType "team-tourn"]
[EventRounds "9"]
[EventCountry "GER"]
[SourceTitle "CBM 082 Extra"]
[Source "ChessBase"]
[SourceDate "2001.07.03"]
[SourceVersion "1"]
[SourceVersionDate "2001.07.03"]
[SourceQuality "1"]
[WhiteTeam "Dresden"]
[BlackTeam "Bamberg"]
[WhiteTeamCountry "GER"]
[BlackTeamCountry "GER"]

1. c4 e6 2. g3 d5 3. Bg2 c6 4. Qc2 Nf6 5. Nf3 Be7 6. 0-0 0-0 7. d4 b6 8. Rd1 Bb7 9. Nc3 Nbd7 10. Bg5 Rc8 11. e4 h6 12. Bxf6 Nxf6 13. Ne5 Qc7 14. Qb3 dxe4 15. Nxe4 c5 16. Nxf6+ Bxf6 17. Bxb7 Qxb7 18. f4 cxd4 19. Rxd4 Be7 20. Nd3 Rfd8 21. Rxd8+ Rxd8 22. Nf2 Rd2 23. Rd1 Qd7 24. Rxd2 Qxd2 25. Qc3 Qxc3 26. bxc3 Bc5 27. Kg2 Bxf2 28. Kxf2 Kf8 29. Ke3 Ke7 30. g4 g5 31. c5 bxc5 32. h3 f5 33. h4 gxh4 34. gxf5 exf5 35. c4 Kd6 36. Kf3 Kc6 37. Kg2 Kb6 38. Kh3 Ka5 0-1

[Event "Kiev Independence Cup op"]
[Site "Kiev"]
[Date "1999.??.??"]
[Round "?"]
[White "Kosikov, Alexey I"]
[Black "Schwarz, Miroslav"]
[Result "1/2-1/2"]
[WhiteElo "2476"]
[BlackElo "2401"]
[PlyCount "96"]
[EventDate "1999.??.??"]
[EventType "swiss"]
[EventRounds "11"]
[EventCountry "UKR"]
[SourceTitle "EXT 2002"]
[Source "ChessBase"]
[SourceDate "2001.11.25"]
[SourceVersion "1"]
[SourceVersionDate "2001.11.25"]
[SourceQuality "1"]

1. Nf3 d5 2. g3 c6 3. Bg2 Bg4 4. b3 Nd7 5. Bb2 Bxf3 6. Bxf3 Ngf6 7. d3 e5 8. Bg2 Bc5 9. 0-0 0-0 10. e3 a5 11. a3 Re8 12. Nd2 Qb6 13. Rb1 Bf8 14. c4 Rad8 15. Qc2 Qa6 16. Rfd1 Bd6 17. Bc3 Rc8 18. b4 axb4 19. axb4 b5 20. Bh3 Ra8 21. Ra1 Qb7 22. cxb5 Rxa1 23. Rxa1 Qxb5 24. Ra5 Qb7 25. Qa2 Nf8 26. Qa4 Rb8 27. Ra7 Qb5 28. Qxb5 Rxb5 29. Nf3 d4 30. exd4 e4 31. Ne5 Bxe5 32. dxe5 Nd5 33. Bd2 exd3 34. Ra8 Nxb4 35. e6 Nd5 36. Bg5 Rb7 37. Bf5 h6 38. e7 Nxe7 39. Bxe7 Rxe7 40. Bxd3 Rc7 41. f4 g6 42. f5 gxf5 43. Bxf5 c5 44. Kf2 Kg7 45. Ra6 c4 46. Ke3 c3 47. Bc2 Ne6 48. Ra3 Kf6 1/2-1/2

[Event "Platonov Memorial"]
[Site "Kiev"]
[Date "1999.??.??"]
[Round "?"]
[White "Schwarz, Miroslav"]
[Black "Eschenko, Vadim"]
[Result "1-0"]
[WhiteElo "2401"]
[BlackElo "2369"]
[PlyCount "95"]
[EventDate "1999.??.??"]
[EventType "tourn"]
[EventRounds "11"]
[EventCountry "UKR"]
[EventCategory "8"]
[SourceTitle "EXT 2002"]
[Source "ChessBase"]
[SourceDate "2001.11.25"]
[SourceVersion "1"]
[SourceVersionDate "2001.11.25"]
[SourceQuality "1"]

1. d4 d5 2. c4 c6 3. Nf3 e6 4. Nbd2 Nf6 5. e3 Bd6 6. b3 Nbd7 7. Bb2 0-0 8. Bd3 Qe7 9. Ne5 Bc7 10. f4 Ne8 11. 0-0 f5 12. Kh1 Nxe5 13. fxe5 b6 14. a4 Qd7 15. Ba3 Rf7 16. Rc1 Bb7 17. Nf3 h6 18. cxd5 Qxd5 19. Qc2 Qd7 20. Qe2 g6 21. Ba6 Bd8 22. Bxb7 Qxb7 23. Qc4 Be7 24. Bxe7 Rxe7 25. Qxc6 Qxc6 26. Rxc6 Rc7 27. Rfc1 Rac8 28. Rxc7 Rxc7 29. Rxc7 Nxc7 30. Kg1 Nd5 31. Kf2 Kf7 32. Ke2 Ke8 33. Nd2 Kd7 34. g3 Kc6 35. e4 fxe4 36. Nxe4 Ne7 37. Kd3 Nd5 38. Nf6 Ne7 39. Ke4 b5 40. axb5+ Kxb5 41. d5 exd5+ 42. Nxd5 Nf5 43. e6 Kc6 44. Ke5 Ng7 45. e7 Kd7 46. Kf6 Ne8+ 47. Kf7 Nd6+ 48. Kf8 1-0

[Event "Platonov Memorial"]
[Site "Kiev"]
[Date "1999.??.??"]
[Round "?"]
[White "Schwarz, Miroslav"]
[Black "Ivanov, Victor L"]
[Result "1-0"]
[WhiteElo "2401"]
[BlackElo "2427"]
[PlyCount "81"]
[EventDate "1999.??.??"]
[EventType "tourn"]
[EventRounds "11"]
[EventCountry "UKR"]
[EventCategory "8"]
[SourceTitle "EXT 2002"]
[Source "ChessBase"]
[SourceDate "2001.11.25"]
[SourceVersion "1"]
[SourceVersionDate "2001.11.25"]
[SourceQuality "1"]

1. e4 c6 2. Nc3 d5 3. Nf3 Bg4 4. h3 Bxf3 5. Qxf3 Nf6 6. d3 e6 7. Bd2 Nbd7 8. 0-0-0 Bb4 9. a3 Ba5 10. g4 Rb8 11. g5 Ng8 12. h4 Ne7 13. h5 b5 14. b4 Bc7 15. Bh3 a5 16. Rdg1 axb4 17. axb4 Ra8 18. g6 hxg6 19. hxg6 Nxg6 20. Bxe6 Nde5 21. Bxf7+ Nxf7 22. Rxg6 Rxh1+ 23. Qxh1 Ra1+ 24. Nb1 Qa8 25. Qh3 Qa3+ 26. Kd1 Rxb1+ 27. Ke2 dxe4 28. Qc8+ Bd8 29. Re6+ Kf8 30. Qd7 exd3+ 31. cxd3 g5 32. Re8+ Kg7 33. Rxd8 Qa1 34. Re8 Rh1 35. Qxc6 Qf1+ 36. Ke3 Rh3+ 37. f3 Qg1+ 38. Ke4 Rh4+ 39. Kf5 Nh6+ 40. Ke6 Kg6 41. Re7 1-0

[Event "Kiev Independence Cup op"]
[Site "Kiev"]
[Date "1999.??.??"]
[Round "?"]
[White "Schwarz, Miroslav"]
[Black "Matjushin, Oleg"]
[Result "1-0"]
[WhiteElo "2401"]
[BlackElo "2213"]
[PlyCount "79"]
[EventDate "1999.??.??"]
[EventType "swiss"]
[EventRounds "11"]
[EventCountry "UKR"]
[SourceTitle "EXT 2002"]
[Source "ChessBase"]
[SourceDate "2001.11.25"]
[SourceVersion "1"]
[SourceVersionDate "2001.11.25"]
[SourceQuality "1"]

1. e4 c5 2. Nf3 Nc6 3. d4 cxd4 4. Nxd4 Nf6 5. Nc3 e5 6. Ndb5 d6 7. Bg5 a6 8. Na3 b5 9. Bxf6 gxf6 10. Nd5 f5 11. c3 Bg7 12. exf5 Bxf5 13. Nc2 0-0 14. Nce3 Be6 15. Bd3 Ne7 16. Qh5 h6 17. Nxe7+ Qxe7 18. Be4 Rab8 19. Nf5 Bxf5 20. Qxf5 Rfd8 21. Rd1 Kf8 22. 0-0 Qe6 23. Qf3 Kg8 24. Rd3 Rf8 25. Rfd1 Rbd8 26. Qh5 Kh8 27. g4 d5 28. Bxd5 Qf6 29. Be4 Rxd3 30. Rxd3 Qf4 31. Qf5 Qxf5 32. Bxf5 a5 33. Rd5 Rb8 34. Be4 Bf6 35. Kf1 b4 36. c4 a4 37. c5 Kg7 38. c6 b3 39. axb3 Bd8 40. bxa4 1-0

[Event "Platonov Memorial"]
[Site "Kiev"]
[Date "1999.??.??"]
[Round "?"]
[White "Zontakh, Andrey"]
[Black "Schwarz, Miroslav"]
[Result "1/2-1/2"]
[WhiteElo "2530"]
[BlackElo "2401"]
[PlyCount "30"]
[EventDate "1999.??.??"]
[EventType "tourn"]
[EventRounds "11"]
[EventCountry "UKR"]
[EventCategory "8"]
[SourceTitle "EXT 2002"]
[Source "ChessBase"]
[SourceDate "2001.11.25"]
[SourceVersion "1"]
[SourceVersionDate "2001.11.25"]
[SourceQuality "1"]

1. d4 Nf6 2. c4 g6 3. Nc3 d5 4. cxd5 Nxd5 5. e4 Nxc3 6. bxc3 Bg7 7. Nf3 c5 8. Rb1 0-0 9. Be2 cxd4 10. cxd4 Qa5+ 11. Bd2 Qxa2 12. 0-0 b6 13. Qc1 Bb7 14. Bc4 Qa4 15. Bb5 Qa2 1/2-1/2

[Event "Budapest FS10 GM"]
[Site "Budapest"]
[Date "1994.??.??"]
[Round "8"]
[White "Horvath, Jozsef"]
[Black "Schwarz, Miroslav"]
[Result "1/2-1/2"]
[WhiteElo "2520"]
[BlackElo "2395"]
[PlyCount "149"]
[EventDate "1994.10.??"]
[EventType "tourn"]
[EventRounds "11"]
[EventCountry "HUN"]
[EventCategory "7"]
[SourceTitle "CBM 043 Extra"]
[Source "ChessBase"]
[SourceDate "1995.01.01"]
[SourceVersion "1"]
[SourceVersionDate "1995.01.01"]
[SourceQuality "1"]

1. d4 Nf6 2. Nf3 g6 3. c4 Bg7 4. g3 0-0 5. Bg2 c5 6. Nc3 cxd4 7. Nxd4 Nc6 8. Nc2 d6 9. 0-0 Be6 10. b3 Rc8 11. Bb2 Qa5 12. Rb1 Rfd8 13. e4 Nd7 14. Qe1 a6 15. Nd5 Qxe1 16. Rfxe1 Bxb2 17. Rxb2 Nc5 18. Bf1 Kf8 19. f4 a5 20. Re3 Bd7 21. a3 Ne6 22. b4 axb4 23. axb4 Ned4 24. Ra3 Nxc2 25. Rxc2 Ra8 26. Rxa8 Rxa8 27. Nb6 Rd8 28. b5 Nd4 29. Ra2 Nb3 30. Ra7 Nc5 31. Kf2 Nxe4+ 32. Ke3 Nc5 33. Bg2 Be8 34. Bxb7 Rb8 35. Bc6 Rxb6 36. Ra8 Rxc6 37. bxc6 Ne6 38. Rc8 f6 39. c7 Nxc7 40. Rxc7 Ba4 41. Kd4 Bd1 42. Ra7 Kf7 43. Ra3 Bg4 44. Re3 Be6 45. c5 dxc5+ 46. Kxc5 Bf5 47. Kc6 h5 48. Kc7 g5 49. Kd8 e6 50. fxg5 fxg5 51. Kd7 h4 52. Kd6 hxg3 53. hxg3 Kg6 54. Ra3 Bh3 55. Ke5 Bf5 56. Ra4 Kf7 57. g4 Bc2 58. Ra7+ Kg6 59. Ra8 Kf7 60. Rd8 Bb3 61. Rd2 Ke7 62. Rd3 Bc2 63. Rd6 Bb3 64. Rb6 Bd1 65. Rxe6+ Kf7 66. Rf6+ Kg7 67. Rf5 Kg6 68. Rf6+ Kg7 69. Kf5 Bxg4+ 70. Kxg5 Bd1 71. Rd6 Bb3 72. Rd7+ Kh8 73. Kh6 Be6 74. Rd8+ Bg8 75. Rb8 1/2-1/2

[Event "Budapest FS10 GM"]
[Site "Budapest"]
[Date "1994.??.??"]
[Round "3"]
[White "Schwarz, Miroslav"]
[Black "Lukacs, Peter"]
[Result "1/2-1/2"]
[WhiteElo "2395"]
[BlackElo "2490"]
[PlyCount "29"]
[EventDate "1994.10.??"]
[EventType "tourn"]
[EventRounds "11"]
[EventCountry "HUN"]
[EventCategory "7"]
[SourceTitle "CBM 043 Extra"]
[Source "ChessBase"]
[SourceDate "1995.01.01"]
[SourceVersion "1"]
[SourceVersionDate "1995.01.01"]
[SourceQuality "1"]

1. e4 e5 2. Nc3 Nc6 3. g3 Bc5 4. Bg2 a6 5. d3 d6 6. Nge2 Nge7 7. 0-0 0-0 8. Kh1 f5 9. f4 Ba7 10. fxe5 Nxe5 11. d4 N5g6 12. Be3 fxe4 13. Rxf8+ Qxf8 14. Nxe4 Bh3 15. Bxh3 1/2-1/2

[Event "Budapest FS10 GM"]
[Site "Budapest"]
[Date "1994.??.??"]
[Round "11"]
[White "Schwarz, Miroslav"]
[Black "Sulskis, Sarunas"]
[Result "0-1"]
[WhiteElo "2395"]
[BlackElo "2455"]
[PlyCount "88"]
[EventDate "1994.10.??"]
[EventType "tourn"]
[EventRounds "11"]
[EventCountry "HUN"]
[EventCategory "7"]
[SourceTitle "CBM 043 Extra"]
[Source "ChessBase"]
[SourceDate "1995.01.01"]
[SourceVersion "1"]
[SourceVersionDate "1995.01.01"]
[SourceQuality "1"]

1. e4 c5 2. Nf3 d6 3. Bb5+ Nd7 4. d4 cxd4 5. Qxd4 Ngf6 6. 0-0 a6 7. Bxd7+ Bxd7 8. Bg5 h6 9. Bxf6 gxf6 10. c4 Rg8 11. Nc3 e6 12. Rfe1 Be7 13. Rad1 Rc8 14. b3 Qa5 15. e5 fxe5 16. Nxe5 Bc6 17. Nxc6 Rxc6 18. Ne4 Kd8 19. a4 Kc8 20. Qe3 Qh5 21. g3 Rd8 22. Nc3 Rd7 23. Rd3 Bd8 24. Red1 Bb6 25. Qf4 Bc7 26. Qe3 Bd8 27. Ne2 Bb6 28. Qd2 Qg5 29. Nd4 Rc5 30. Kg2 Qxd2 31. R3xd2 d5 32. cxd5 Rdxd5 33. Ne2 Rxd2 34. Rxd2 Kc7 35. Nd4 Rc3 36. b4 Rc4 37. Nf3 Rxb4 38. Ne5 f6 39. Rc2+ Kd8 40. Nf7+ Ke7 41. Nxh6 f5 42. h3 Kf6 43. g4 Kg7 44. g5 Bd8 0-1